000 00819nam a22002057a 4500
999 _c12516
_d12516
003 AR-CdUCM
008 190409b ||||| |||| 00| 0 spa d
040 _aMUNICIPALIDAD PROVINCIAL DEL CUSCO
_cBIBLIOTECA MUNICIPAL DEL CUSCO
082 _aC / 985.613
_bG62
100 _aGómez Palma, Adriel
_930384
245 _aChumbivilcas Colquemarca alma de Qorilazo arte y tradición /
260 _aCusco :
_bAlpha servicios gráficos,
_c2009.
300 _a263 paginas ;
_bIlustraciones,
_c21 cm.
505 _aContenido : Historia y arqueología de Colquemarca -- antecedentes históricos -- Creación política -- Crónicas costumbristas -- Cuatro palabras.
650 _aIconografias
_930385
650 _aCostumbres
_9230
650 _aChumbivilcas historia
_930386
942 _2ddc
_cLIBROS
945 _awnts
_d2019-04-09